00746nam a2200217 i 4500003000900000005001700009007000300026008004100029040003000070082003300100110002900133240001900162245007700181264005400258300002700312336002700339337003300366338002800399650005900427651004200486DO-SdBNP20250617094828.0ta250617b2002 dr ||||| |||| 00| 0 spa d aDO-SdBNPbspacBNPHUerda 4a344. 729304bR426L, 20022221 aRepública Dominicana. 13a[ Leyes, etc.]10aLey No. 42-01 Ley General de Salud :bpromulgada el 8 de marzo del 2001/ 1aSanto Domingo :b[editor no identificado],c2002. a93 páginas ;c21 cm. atextobtxt2rdacontent asin mediaciónbn2rdamedia avolumenbnc2rdacarrier 4aSalud públicaxLegislaciónzRepública Dominicana 4aRepública DominicanaxLey No. 42-01